Externý grafický adaptér

Saved in:
Bibliographic Details
Main Author: Vydra, Jakub (Author)
Other Authors: Fodrek, Peter (Thesis advisor)
Format: Manuscript Book
Language:Slovak
Published: 2017
Subjects:
Online Access:http://is.stuba.sk/zp/portal_zp.pl?podrobnosti=130935
Tags: Add Tag
No Tags, Be the first to tag this record!

MARC

LEADER 00000ntm a22000003a 4500
001 stuzp60888
003 SK-STU
005 20170626131445.2
007 ta
008 150427s2015----xo-----f-mn---000-0-slo-d
040 |a STU  |b slo 
041 0 |a slo 
044 |a xo 
100 1 |a Vydra, Jakub  |u 031000  |4 aut  |U FEI Fakulta elektrotechniky a informatiky  |T FEI Ústav robotiky a kybernetiky  |X 47582  |U E011  |Y 356  |7 47582 
242 0 1 |a External graphic adapter  |y eng 
245 1 0 |a Externý grafický adaptér 
260 |c 2017 
300 |a 65 s., príl.,  |b CD-ROM 
650 4 |a test  |2 slo 
650 4 |a karta  |2 slo 
650 4 |a GPU  |2 slo 
650 4 |a výkon  |2 slo 
650 4 |a PC  |2 slo 
650 4 |a výpočty  |2 slo 
650 4 |a použitie  |2 slo 
650 4 |a grafická  |2 slo 
650 4 |a adaptér  |2 slo 
650 4 |a laptop  |2 slo 
650 4 |a performance  |2 eng 
650 4 |a use  |2 eng 
650 4 |a GPU  |2 eng 
650 4 |a adapter  |2 eng 
650 4 |a test  |2 eng 
650 4 |a graphics  |2 eng 
650 4 |a card  |2 eng 
650 4 |a PC  |2 eng 
650 4 |a laptop  |2 eng 
650 4 |a calculations  |2 eng 
700 1 |a Fodrek, Peter  |u 031000  |k Z1  |4 ths  |U FEI Fakulta elektrotechniky a informatiky  |T FEI Ústav robotiky a kybernetiky  |X 4968  |U E011  |Y 356  |7 A000004968 
856 4 |u http://is.stuba.sk/zp/portal_zp.pl?podrobnosti=130935 
996 |b 284EP11582  |c E*DIPL- 11582  |l EE31  |s P  |a 0  |w stuzp60888_0001